Statistics for Chris Brown Filmography

Click here to take the quiz!

General Stats

  • This quiz has been taken 13 times
    (6 since last reset)
  • The average score is 4 of 29

Answer Stats

TypeYearName% Correct
Film2007Stomp the Yard
67%
Film2010Takers
67%
TV Show2008The Suite Life of Zack & Cody
67%
Film2007This Christmas
67%
Film2013Battle of the Year
33%
TV Show2011Saturday Night Live
33%
Film2012Think Like a Man
33%
TV Show2007, 2010106 & Park
0%
Web Series2020-2021A House Divided
0%
TV Show2006All of Us
0%
TV Show2017Black-ish
0%
Film2009Blood Rogues
0%
TV Documentary2007Chris Brown: Journey to South Africa
0%
Concert Film2008Chris Brown: Live from Sommet Center
0%
Documentary2017Chris Brown: Welcome to My Life
0%
TV Documentary2012Defining Moments: Chris Brown's Journey
0%
TV Show2007Generations
0%
Film2008Into the Woods
0%
TV Show2006One on One
0%
FilmTBAPhenom
0%
TV Show2015Punk'd
0%
TV Show2015Real Husbands of Hollywood
0%
Short Film2016Royalty
0%
Film2020She Ball
0%
TV Show2006Showtime at the Apollo
0%
TV Show2021-PresentThe Crew League
0%
TV Show2007The O.C.
0%
TV Show2011Tosh.0
0%
Commercial2009Wrigley's Doublemint
0%

Score Distribution

Percentile by Number Answered

Percent of People with Each Score

Your Score History

You have not taken this quiz since the last reset